| 000 | 00807nam a22002297a 4500 | ||
|---|---|---|---|
| 999 |
_c22593 _d22593 |
||
| 003 | AR-CdUCM | ||
| 008 | 190409b ||||| |||| 00| 0 spa d | ||
| 020 | _a9789583056659 | ||
| 040 |
_aMUNICIPALIDAD PROVINCIAL DEL CUSCO _cBIBLIOTECA MUNICIPAL DEL CUSCO |
||
| 082 |
_aEP/567.91/G79 _bG79 |
||
| 100 |
_aGreschik, Stefan _948597 |
||
| 245 |
_aDinosaurios / _cStefan Greschik, ilustraciones Franziska Lorenz, traducción Rodrigo Gil |
||
| 260 |
_aBogota : _bPanamericana editorial, _c2017. |
||
| 300 |
_a56 páginas. : _bilustraciones en color ; _c30 cm. |
||
| 650 |
_aDinosaurios _933093 |
||
| 650 |
_aHábitos y conducta _948598 |
||
| 650 |
_aPaleontología _923320 |
||
| 700 |
_aLorenz, Franziska _eilustrador _948599 |
||
| 700 |
_aGil, Rodrigo _etraductor _948600 |
||
| 942 |
_2ddc _cLIBROS |
||
| 945 | _arac | ||